000 00740nam a2200241Ia 4500
003 OSt
005 20220925232538.0
006 a|||||r|||| 00| 0
007 ta
008 220923b |||||||| |||| 00| 0 eng d
037 _cGeneral Book
040 _aRTL
_cRTL
_beng
041 _2eng
_aeng
082 _aX:327.2.N9, N6
100 _aSubrahmanian K K, and others
_9297446
245 0 _aForeign collaboration under liberalisation policy
260 _aMumbai
_bR B I
_c1996
300 _a94p
_ccm.
490 _aReserve Bank of India Development Research Group; 14
650 _aTransfer of Technology
_9253502
942 _hX:327.2.N9, N6
_cGB
_2CC
999 _c591587
_d591587